LEADER 01015cam0 22002773 450 001 SOB020831 005 20231102084705.0 010 $a8814102074 100 $a20040211d2003 |||||ita|0103 ba 101 $aita 102 $aIT 200 1 $a<>sindaco$eElezione - competenze - rapporti con altri organi - deleghe - responsabilità$eProblemi e casi pratici risolti sulla base della giurisprudenza$fEnrico Maggiora 210 $aMilano$cGiuffrè$d2003 215 $aXXVI, 454 p.$d24 cm 225 2 $aCosa & Come$eEnti locali 410 1$1001LAEC00015457$12001 $a*Cosa & Come : Enti locali 700 1$aMaggiora$b, Enrico$3AF00013040$4070$0133029 801 0$aIT$bUNISOB$c20231102$gRICA 850 $aUNISOB 852 $aUNISOB$j340|Coll|12|A$m114872 912 $aSOB020831 940 $aM 102 Monografia moderna SBN 941 $aM 957 $a340|Coll|12|A$b000029$gSI$d114872$rACQUISTO$1Alfano$2UNISOB$3UNISOB$420231102084630.0$520231102084642.0$6Alfano 996 $aSindaco$9942770 997 $aUNISOB